000 00152nam a22000857a 4500
082 _a823
100 _aMARY JOSEPH
245 _aI VALUE COURAGE
942 _cBK
999 _c8520
_d8520